000 00574nam a22001937a 4500
999 _c10040
_d10040
003 AR-CdUCM
008 190329b ||||| |||| 00| 0 spa d
040 _aMUNICIPALIDAD PROVINCIAL DEL CUSCO
_cBIBLIOTECA MUNICIPAL DEL CUSCO
082 _aEP / 800 /
_bB23
_24ed.
100 _aBarbanza, Jose
_926660
245 _aSanta Juana de Arco /
260 _aBuenos Aires ,
_bAtlanta,
_c1958.
300 _a128 páginas ;
_c17 cm.
440 _aBiblioteca Billiken
_9765
650 _aLiteratura.
_983
650 _aObras literarias.
_9403
942 _2ddc
_cLIBROS
945 _awfj